000 00288nam a22001337a 4500
008 170713b xxu||||| |||| 00| 0 eng d
020 _a394321146
041 _aeng
080 _a17
100 _a24
101 _aFIL
245 _aMATTERS OF LIFE AND DEATH
_cREGAN, T
942 _2udc
_cBK
999 _c20484
_d20484